=LDR 00000nam 2200000 4500 =001 INLIS000000000033615 =005 20130612135547 =008 ***********************************ind** =035 ##$$0010-061300000033615 =041 ##$$a ind =082 ##$$a 001. 42 =090 ##$$a 001. 42, Coz m =100 ##$$a Cozby, Paul C =245 ##$$a Methods in behavioral research, Paul C. Cozby =260 ##$$a 2009 $b Yogyakarta =300 ##$$a xvii, 629 hlm, 23 cm =650 ##$$a Penelitian metode =850 ##$$a NBPNMAT =990 ##$$a 0001/BPAP-NTB/20142015